| 000 | 00732cam a22002291 4500 | ||
|---|---|---|---|
| 001 | 000010784 | ||
| 005 | 20200929162307.0 | ||
| 008 | 780912s1963 ve 000 0 spa | ||
| 010 | _a65041901 | ||
| 035 | _a(OCoLC)4218491 | ||
| 040 |
_aDO-SdBNP _cNmLcU _dDLC |
||
| 042 | _apremarc | ||
| 050 | 0 | 0 |
_aBC135 _b.S2 |
| 100 | 2 |
_aSanchez-Mazas, Miguel. _926041 |
|
| 245 | 1 | 0 | _aFundamentos matematicos de la logica formal. |
| 260 |
_a[Caracas] : _bUniversidad Central de Venezuela, _c[1963]. |
||
| 300 |
_a142 p. ; _c21 cm. |
||
| 490 | 0 | _aColeccion Temas | |
| 500 | _aEdiciones de la Biblioteca de la Universidad Central de Venezuela. | ||
| 650 | 0 |
_aLogic, symbolic and mathematical. _926042 |
|
| 910 | _aCatalogación por copia / LC | ||
| 999 |
_c10536 _d10536 |
||